| 000 | 01267nam a2200325Ic 4500 | ||
|---|---|---|---|
| 001 | 58873 | ||
| 003 | CO-BoRNBP | ||
| 005 | 20250828200110.0 | ||
| 007 | ta | ||
| 008 | 180109s9999 xx 000 0 und d | ||
| 020 | _a9789972209925 | ||
| 040 |
_aCO-BoRNBP _bspa _erda _cCO-BoRNBP |
||
| 041 | _aspa | ||
| 082 | 0 | _a986 P17h | |
| 100 |
_aParra Rodríguez, María Cristina _eaut _964273 |
||
| 245 | 1 | 0 |
_aHistoria de Colombia para niños / _cMaria Cristina Parra Rodriguez ; ilustraciones de Ricardo Ramírez. |
| 250 | _aPrimera edición | ||
| 264 | 1 |
_aChina : _bEdiciones Lexus;2015, _c2015 |
|
| 300 |
_a200 páginas : _bilustraciones, fotografías en color + _e1 DVD |
||
| 336 |
_atexto _btxt _2rdacontent |
||
| 337 |
_asin mediación _bn _2rdamedia |
||
| 338 |
_avolumen _bnc _2rdacarrier |
||
| 500 | _aIncluye DVD | ||
| 505 | 0 | _a1. La prehistoria 2. Descubrimiento y conquista española 3. La Colonia 4. La independencia 5. La República 6. La primera mitad del siglo XX 7. Del frente nacional a nuestros días | |
| 650 | 0 | 7 |
_aHistoria Colombia - Niños _2lemb _964274 |
| 650 | 0 | 4 |
_aNovela colombiana _2LEMB _91193 |
| 650 | 0 | 7 |
_aHistoria Infantil Colombia - Siglo XX _2lemb _964275 |
| 700 | 1 |
_aRamírez, Ricardo, ilustrador. _eill _964276 |
|
| 942 |
_cBK _2ddc |
||
| 999 |
_c58873 _d58873 |
||